| 000 | 01769nam a2200349 a 4500 | ||
|---|---|---|---|
| 001 | 80955 | ||
| 003 | BD-RjUL | ||
| 005 | 20221212113642.0 | ||
| 008 | 221212s1994 vau 000 0 ara d | ||
| 020 | _a1565640179 | ||
| 020 | _a1565640187 pbk | ||
| 035 | _a(BD-RjUL)80955 | ||
| 040 |
_aBIC _beng _cBD-RjUL |
||
| 041 | _aara | ||
| 082 |
_223 _a297.272 _bARN 1994 |
||
| 100 | 1 |
_aArif, Nassr Muhammad = عارف، نصر محمد _d1961-1380h _96275 |
|
| 245 | 1 | 0 |
_aنظريات التنمية السياسية المعاصرة : nazariyat al tanmiyah al sisyasiyah al mu;asirah : _bدراسة نقدية مقارنة في ضوء المنظور الحضاري الاسلامي / dirasah naqdiyah muqaranah fi daw almanzur alhadari alislami / _cنصر محمد عارف.= Nasr Muhammad Arif |
| 250 | _aط. 1 | ||
| 260 |
_aهيرندن-فيرجينيا : _bالمعهد العالمي للفكر الاسلامي, _c1412 هجري[1994]. |
||
| 300 |
_a481 ص. ; _c24 سم. |
||
| 500 | _aببليوغرافيا: ص. 427-481 | ||
| 504 | _aIncludes bibliographical reference and Index | ||
| 650 | 7 |
_aPolitical anthropology (Islam) الانتروبولويا السياسية (اسلام) _2BIC _96276 |
|
| 650 | 7 |
_apolitical development التنمية السياسية _2BIC _96277 |
|
| 650 | 7 |
_apolitical development (Islam) التنمية السياسية (اسلام) _2BIC _96278 |
|
| 650 | 7 |
_aالتنمية السياسية _xنظريات _2BIC _96279 |
|
| 650 | 7 |
_aالتنمية السياسية _xوسائل _2BIC _96280 |
|
| 650 | 7 |
_aرسائل جامعية _2BIC _96281 |
|
| 650 | 7 |
_aالرسائل الجامعية _xالعلوم السياسية _2BIC _96282 |
|
| 830 | 0 |
_aسلسلة الرسائل الجامعية ; _v6 _9768 |
|
| 942 |
_2ddc _cBK |
||
| 999 |
_c80955 _d80955 |
||